Código orgánico de tribunales. Títulos de Artículos, Concordancias e Índice de materias.
Saved in:
| Institution som forfatter: | |
|---|---|
| Andre forfattere: | |
| Format: | Bog |
| Sprog: | spansk |
| Udgivet: |
Santiago, Chile:
Legal Publishing; Thomson Reuters,
2015
|
| Udgivelse: | Decimoquinta Edición. |
| Serier: | Colección de Códigos 2015
|
| Fag: | |
| Tags: |
Tilføj Tag
Ingen Tags, Vær først til at tagge denne postø!
|
MARC
| LEADER | 00000cam a2200000 a 4500 | ||
|---|---|---|---|
| 001 | UCE8826 | ||
| 003 | CL-VaPUC | ||
| 005 | 20240925164220.0 | ||
| 008 | 150904e20150000cl |||||||||||||||||spa|d | ||
| 999 | |c 360595 |d 360593 | ||
| 020 | |a 9789563466355 | ||
| 040 | |c Pontificia Universidad Católica de Valparaíso | ||
| 082 | 0 | 4 | |a 347.8301 CHI 2015 |2 21 |
| 110 | 1 | |a Chile |9 890760 | |
| 245 | 1 | 0 | |a Código orgánico de tribunales. |b Títulos de Artículos, Concordancias e Índice de materias. |
| 250 | |a Decimoquinta Edición. |b Actualizada al 5 de enero de 2015. | ||
| 260 | |a Santiago, Chile: |b Legal Publishing; |b Thomson Reuters, |c 2015 | ||
| 300 | |a 463 páginas. | ||
| 490 | 0 | |a Colección de Códigos 2015 | |
| 505 | |a -Ley N.º 7.421. -Título I. Del Poder Judicial y de la Administración de Justicia en general. -Título II. De los juzgados de garantía y de los tribunales de juicio oral en lo penal. -Título III. De los Jueces de Letras. -Título IV. De los Presidentes y Ministros de Corte como tribunales unipersonales. -Título V. Las Cortes de Apelaciones. -Título VI. La Corte Suprema. -Título VII. La competencia. -Título VIII. De la subrogación e integración. -Título IX. De los Jueces Árbitros. -Título X. De los Magistrados y del Nombramiento y Escalafón de los Funcionarios Judiciales. -Título XI. Los Auxiliares de la Administración de Justicia. -Título XII. Disposiciones generales aplicables a los auxiliares de la Administración de Justicia. -Título XIII. De los empleados u oficiales de secretaría. -Título XIV. La Corporación Administrativa del Poder Judicial. -Título XV. Los abogados. -Título XVI. De la jurisdicción disciplinaria y de la inspección y vigilancia de los servicios judiciales. -Título XVII. De la asistencia judicial y del privilegio de pobreza. Apéndice: -Ley N.º 19.665. Reforma el Código Orgánico de Tribunales. (D.O. de 9 de marzo de 2000). -Ley N.º 16.618. Decreto con Fuerza de Ley N.º 1. Fija texto refundido, coordinado y sistematizado del Código Civil; de la Ley N.º 4.808, sobre Registro Civil; de la Ley N.º 17.344, que Autoriza Cambio de Nombres y Apellidos; de la Ley N.º 16.618, Ley de Menores; de la Ley N.º 14.908 sobre Abandono de Familia y Pago de Pensiones Alimenticias, y de la Ley N.º 16.271, de Impuesto a las Herencias, Asignaciones y Donaciones. -Ley N.º 18.287. Establece procedimiento ante los Juzgados de Policía Local. (D.O. de 7 de febrero de 1984). -Ley N.º 19.968. Crea los Tribunales de Familia. -Ley N.º 20.022. Crea Juzgados Laborales y Juzgados de Cobranza Laboral y Previsional en las comunas que indica. | ||
| 583 | |a last modification |c 20160712 11:05:43 |k Rodrigo Vera | ||
| 650 | 1 | |a Código orgánico de tribunales |9 256731 | |
| 650 | 1 | |a Poder judicial |9 254871 | |
| 650 | 1 | |a Juzgados de garantía |9 492236 | |
| 650 | 1 | |a Tribunales de juicio oral |9 891685 | |
| 650 | 1 | |a Funcionarios judiciales |9 382750 | |
| 650 | 1 | |a Jurisprudencia |x Tribunales |9 891681 | |
| 700 | |a Hoyos de la Barrera, María Teresa |e directora |9 814204 | ||
| 942 | |c BK |2 ddc | ||
| 945 | |d 20150904 11:50:00 |a gsalatino | ||
| 952 | |0 0 |1 0 |3 erb |4 0 |6 347_830100000000000_CHI_2015 |7 0 |8 R |9 470464 |a BIBDER |b BIBDER |i 5195632 |o 347.8301 CHI 2015 |p 5195632 |r 2023-01-25 |w 2019-11-23 |y BK_R |z Catalogado en:20150904 |k DER | ||